000 00372nam a22001577a 4500
005 20160628094953.0
008 160628b xxu||||| |||| 00| 0 eng d
020 _a81-212-0773-8
041 _aeng
100 _aBhatt, S.C.
_93019
245 _aThe District Gagetteer of Chhattisgarh
260 _bGyan
_c2003
300 _a215
650 _aManagement
_9241
942 _cBK
999 _c4363
_d4362